Language Quiz

Random Language or Letter Quiz

11 Ways to Avoid the 'Team' Quiz Stats

 Plays Quiz Updated Jan 8, 2015

Challenge
Share
Tweet
Embed
Score 0/11 Timer 01:00
5 Plays Today
Category Answer % Correct
Change the TSEAM
89.6%
Change the TBEAM
89.3%
Change the MTEAR
82.3%
Change the TREAM
82.1%
Change the MTEAL
81.7%
Change the ETRAM
80.5%
Change the MTEAT
76.6%
Change the MTEAS
75.9%
Change the ATERM
73.9%
Change the MTEAK
66.8%
Change the ATEEM
66.2%

You're not logged in!

Compare scores with friends on all Sporcle quizzes.
Join for Free
OR
Log In

You Might Also Like...

Show Comments

Extras

Top Quizzes Today


Score Distribution

Your Account Isn't Verified!

In order to create a playlist on Sporcle, you need to verify the email address you used during registration. Go to your Sporcle Settings to finish the process.

Report this User

Report this user for behavior that violates our Community Guidelines.

Details: